Kde je zpětná vazba, je i příslib inteligence
Význam sebahodnotenia v manažérskej práci.
Na minha lista:
| Autor principal: | |
|---|---|
| Formato: | Capítulo de Livro |
| Idioma: | tcheco |
| Assuntos: | |
| Tags: |
Sem tags, seja o primeiro a adicionar uma tag!
|
MARC
| LEADER | 00000naa a2200000 4500 | ||
|---|---|---|---|
| 001 | 0190946 | ||
| 005 | 20240417075046.5 | ||
| 041 | 0 | |a cze | |
| 044 | |a CZ | ||
| 245 | 1 | 0 | |a Kde je zpětná vazba, je i příslib inteligence |c Alena Červenková |
| 520 | |a Význam sebahodnotenia v manažérskej práci. | ||
| 610 | 2 | 0 | |a manažéri |
| 610 | 2 | 0 | |a sebahodnotenie |
| 100 | 1 | |a Červenková, Alena | |